000
00294nam a2200133Ia 4500
100
_a
Wine/ Lowell/R
942
_c
BK
654
_a
stats
245
_a
Statistics For Scientists & Engineers
260
_b
prentice hall
_a
NewDelhi
_c
1966
082
_a
519.5
300
_a
671
546
_a
ENGLISH
999
_c
33559
_d
33559